| 000 | 00370nam a22001337a 4500 | ||
|---|---|---|---|
| 020 | _a90-04-09943-3 | ||
| 082 | _a200.9 BAL | ||
| 100 | _aBalagangadhara, S.N. | ||
| 245 | _aThe Heathen in his blindness..Asia, the west and the dynamic of religion | ||
| 260 |
_aLeiden, Netherlands _bE.J. Brill _c1994 |
||
| 300 | _a563 | ||
| 650 | _aReligion-Histiriography | ||
| 942 | _cBK | ||
| 999 |
_c20528 _d20528 |
||